000 00351nam a2200133Ia 4500
008 210210b1973 xxu||||| |||| 00| 0 eng d
082 _a371.81 VISD
100 _aVISHWA YUVAK KENDRA.
245 _aDynamics of student agitations.
260 _aBombay.
_bSomaiya Publications Pvt Ltd.,
_c1973
300 _a120
690 _aEducation
906 _a030730
999 _c81820
_d81820